| 000 | 00855nam a2200181Ia 4500 | ||
|---|---|---|---|
| 008 | 100921s9999 xx 000 0 und d | ||
| 082 |
_b28321 _a920.02 थ 96 |
||
| 100 | _aपानतवणे गंगाधर. | ||
| 245 | _aदलित साहित्यिक व्यक्तविेध. | ||
| 260 |
_bप्रतिमा प्रकाशन,पुणे. _c1996 |
||
| 300 |
_a135 _bकल्याणी सप्लायर्स |
||
| 365 | _b85 | ||
| 520 | _aचरित्र- संग्रह,व्यिक्तचित्रे. | ||
| 630 | _aदलित साहित्यिक व्यक्तविेध. | ||
| 650 | _aचरित्र- संग्रह,व्यिक्तचित्रे. | ||
| 730 | _aदलित साहित्यिक व्यक्तविेध. | ||
| 942 | _cBOOK | ||
| 999 |
_c777434 _d777431 |
||